027_ Personnalités nées un 27 janvier par images - Statistiques

Statistiques générales
  • Ce quiz a été pris 54 fois
  • Le résultat moyen est 3 sur 12
Statistiques - réponses
Par images Hint Réponse % Correct
Youtubeur Squeezie
96%
Compositeur Wolfgang Amadeus Mozart
85%
Footballeur Aurélien Tchouaméni
58%
Politicienne Édith Cresson
42%
Musicien Renaud Capuçon
25%
Arcchitecte Eugène Viollet-le-Duc
8%
Politicien Nicolas Fouquet
8%
Dirigeant Politique Guillaume II
6%
Écrivain Lewis Carroll
4%
Chanteuse Lou Jean
4%
Acteur James Cromwell
0%
Actrice Mimi Rogers
0%
Aucun quiz correspondant
Distribution des résultats
% des personnes avec chaque résultat
Percentile par nombre de réponses
Votre historique - résultats
Vous n’avez pas pris ce quiz